| 000 | 00533nam a2200217Ia 4500 | ||
|---|---|---|---|
| 008 | 131103s9999 xx 000 0 und d | ||
| 020 | _a0 07 054561 8 | ||
| 040 | _aLoreto College | ||
| 041 | _aEnglish | ||
| 082 |
_a330/SAM _bLCBkB/283 |
||
| 100 | _aSamuelson, Paul A. | ||
| 245 |
_aEconomics _cPaul A. Samuelson |
||
| 250 | _a9th ed | ||
| 260 |
_aTokyo _bMcGraw-Hill _c1973 |
||
| 300 | _a24cm. | ||
| 504 | _aIncludes glossary and index | ||
| 650 | _aEconomics | ||
| 700 | _a. | ||
| 850 | _aLCBkB/330/SAM | ||
| 942 | _cBK | ||
| 999 |
_c35077 _d85556 |
||